00466nam a2200157Ia 4500100001700000942000700017366000900024654000900033245001700042260002400059082002000083300000800103546001200111999001700123952016800140 aDavid Robin  cBK f17.5 afear aCity of Fear bPenquin booksc2007 a302.17/DAVbDAV a319 aENGLISH c17785d17785 001040708CRCaCRCEbCRCEd2023-03-17eEducational books and periodicalsg226.88i191 dt 11/02/2009l0o302.17/DAV DAVp19356r2023-03-17v275.00w0000-00-00yBK